Statistiques concernant top 15 des joueurs les plus techniques du monde.

Cliquez ici pour prendre le quiz!

Statistiques générales

  • Ce quiz a été pris 19 fois
  • Le résultat moyen est 5 sur 15

Statistiques - réponses

HintRéponse% Correct
1Diego Maradona
75%
2Ronaldinho
75%
5Messi
69%
13Christiano Ronaldo
56%
12Neymar
56%
4Zidane
50%
14Pele
38%
9Andrea Pirlo
6%
8Andres Iniesta
6%
3Johan Cryuff
6%
7Thierry Henry
6%
10Xavi
6%
15Alfredo Di Stefano
0%
6George Best
0%
11Paul Scholes
0%

Distribution des résultats

Percentile par nombre de réponses

% des personnes avec chaque résultat

Votre développement - résultats

Vous n’avez pas pris ce quiz